Introduction to Dynamic Systems Analysis (Record no. 724)

000 -LEADER
fixed length control field 00312 a2200109 4500
020 ## - INTERNATIONAL STANDARD BOOK NUMBER
International Standard Book Number 0071138447
082 ## - DEWEY DECIMAL CLASSIFICATION NUMBER
Classification number 620.0011 BUR
100 ## - MAIN ENTRY--PERSONAL NAME
Personal name Burton, T. D.
245 ## - TITLE STATEMENT
Title Introduction to Dynamic Systems Analysis
Statement of responsibility, etc. T. D. Burton
260 ## - PUBLICATION, DISTRIBUTION, ETC.
Place of publication, distribution, etc. New York :
Name of publisher, distributor, etc. Mc Graw Hill,
Date of publication, distribution, etc. 1994
300 ## - PHYSICAL DESCRIPTION
Extent xix, 700p. :
Other physical details ill . ;
Dimensions 25 cm
650 ## - SUBJECT ADDED ENTRY--TOPICAL TERM
Topical term or geographic name entry element Systems Engineering
Holdings
Withdrawn status Lost status Damaged status Not for loan Permanent Location Current Location Shelving location Date acquired Total Checkouts Full call number Barcode Date last seen Price effective from Koha item type
        School of Civil and Environmental Engineering (SCEE) School of Civil and Environmental Engineering (SCEE)       620.0011 BUR NIT-689 01/05/2017 01/05/2017 Book
© 2023 Central Library, National University of Sciences and Technology. All Rights Reserved.